000 00246nam a22000857a 4500
008 160711b xxu||||| |||| 00| 0 eng d
100 _92588
_aHaryal D
245 _aHistory Class-XII
_bTogether with History
260 _aNew Delhi
_bRachna Publication
_c2011
999 _c2250
_d2250